| 000 | 00411nam a2200169Ia 4500 | ||
|---|---|---|---|
| 005 | 20240424071703.0 | ||
| 008 | 240331s9999 xx 000 0 und d | ||
| 082 |
_bRAD _a331.4 |
||
| 245 | 0 |
_aRadical America : _bwomen's labour |
|
| 260 |
_aMassachusetts _bWomen's Labour _c1973 |
||
| 300 | _a190 p ., | ||
| 650 | _aFeminist | ||
| 650 | _aPolitics | ||
| 650 | _aSex | ||
| 700 |
_aBuhle, Paul _eedt |
||
| 942 | _cL | ||
| 999 |
_c2732 _d2732 |
||